Gazdasági kérdések Délkelet-Európában

Elmentve itt :
Bibliográfiai részletek
Szerző: Szabó Pál Zoltán
Dokumentumtípus: Cikk
Megjelent: 1943
Sorozat:Délvidéki szemle 2
Kulcsszavak:Délkelet-Európa története, Gazdaságtörténet - Délkelet-Európa
Tárgyszavak:
Online Access:http://acta.bibl.u-szeged.hu/19248
LEADER 00727nab a2200193 i 4500
001 acta19248
005 20251104142624.0
008 161015s1943 hu o 000 hun d
040 |a SZTE Egyetemi Kiadványok Repozitórium  |b hun 
041 |a hun 
100 1 |a Szabó Pál Zoltán 
245 1 0 |a Gazdasági kérdések Délkelet-Európában  |h [elektronikus dokumentum] /  |c  Szabó Pál Zoltán 
260 |c 1943 
300 |a 129-130 
490 0 |a Délvidéki szemle  |v 2 
650 4 |a Bölcsészettudományok 
650 4 |a Történettudomány és régészet 
695 |a Délkelet-Európa története, Gazdaságtörténet - Délkelet-Európa 
856 4 0 |u http://acta.bibl.u-szeged.hu/19248/1/delvideki_szemle_002_129-130.pdf  |z Dokumentum-elérés